00824nam a2200241Ia 4500003000400000005001700004008004100021020001500062040001800077041000800095082001800103100003000121245007200151250001200223260003800235300001000273650005700283650004600340650003400386942002500420999001900445952011800464OSt20260123161202.0210716s1993 xx 000 0 und d a0070456550 cAIMIT LIBRARY aeng a657.47 bMCQR aMcquade, Ralph J.9252453 aCases in financial accounting and reporting /cBy Ralph J. McQuade. a1st ed. aNew York :bMc Graw Hill ,c1993. ax,214 aAccounting policy issues and overview cases9252454 aCurrent and long term liabilities9252455 aBusiness combinations9252456 2ddccBKk657.47 MCQR c181223d181223 001040708MCAaAIMITbAIMITd2021-07-16eDonatedl0o657.47 MCQRpMCA00731r2025-07-21 00:00:00w2021-07-16yBK